000 00310nam a2200121Ia 4500
005 20251028132514.0
008 251020t2016||||xx |||||||||||||| ||spa||
041 _aspa
100 _aAtencio Valverde, Benito Héctor | Chayña Aguilar, Luis
245 0 _aManual de juicio oral
260 _c2016
942 _CLB
_cLB
999 _c3331
_d3331